| 000 | 00597nam a2200145Ia 4500 | ||
|---|---|---|---|
| 008 | 100122s9999 xx 000 0 und d | ||
| 082 |
_b43175 _a927.84 |
||
| 100 | _aपांडे (बर्वे) मालती | ||
| 245 | _aमाझ्या संगीत जीवनाची वाटचाल | ||
| 260 |
_bश्रीविद्या प्रकाशन _c1989 |
||
| 300 | _a92 | ||
| 630 | _aमाझ्या संगीत जीवनाची वाटचाल | ||
| 730 | _aमाझ्या संगीत जीवनाची वाटचाल | ||
| 942 | _cBOOK | ||
| 999 |
_c423334 _d423331 |
||